• 首页
  • 本馆介绍
  • 公告通知
  • 最新文献
  • 馆藏检索
  • 电子资源
  • 读者导购
  • 参考咨询
  • 我的图书馆
  • 登录
  • 详细信息显示
  • 放入我的书架
  • 预约/预借图书
  • 作者相关作品
  • 分类相关作品
  • 丛书相关作品
  • 出版社相关作品

书目信息

  • 表格格式
  • 工作单格式
  • 卡片格式
题名:
古代文学作品选讲
    
 
作者: 郁贤皓 编写
分册: 四  
出版信息: 上海   少年儿童出版社  1983
页数: 190页
开本: 19厘米
丛书名:
单 册:
中图分类: H194.1 , I212.1
科图分类: 41.272
主题词: 古典文学--中国--自学参考资料 , 文学--作品集--中国
电子资源:
ISBN:
000 00853nam0 2200289 45
001 0188001181
005 20060808104134.21
010    @dCNY0.41
020    @aCN@b88001181
091    @aCNR7024.296
100    @a19910410d1983 m y0chiy0120 ea
101 0  @achi
102    @aCN@b310000
105    @af z 000zy
200 10 @a古代文学作品选讲@Agu dai wen xue zuo pin xuan jiang@h四@f郁贤皓等编写@Fyu xian hao deng bian xie
210    @a上海@c少年儿童出版社@d1983
215    @a190页@c图@d19厘米
300    @a语文知识读物
540 1  @a古代文学作品选讲@Agu dai wen xue zuo pin xuan jiang
606    @a古典文学@y中国@x自学参考资料
606 0  @a文学@x作品集@x中国
690    @aH194.1@v1980
690    @aI212.1@v3
692    @a41.272@v1974
701  0 @a郁贤皓@Ayu xian hao@4编写
801  0 @aCN@bTSSF@c20060808
905    @a10447@dI212.1@e456
    
    古代文学作品选讲.四/郁贤皓等编写.-上海:少年儿童出版社,1983
    190页:图;19厘米
    语文知识读物
    
    ISBN :CNY0.41
    
●
相关链接 在E读中查询图书 在五车中查询图书 在当当中查询图书 在豆瓣中查询图书


正题名:古代文学作品选讲     索取号:I212.1/456         预约/预借

序号 登录号 条形码 馆藏地/架位号 状态 备注
1 0428895   204288957   密集书库/ [索取号:I212.1/456] 在馆    
2 0428896   204288966   密集书库/ [索取号:I212.1/456] 在馆    
3 0450426   204504269   密集书库/ [索取号:I212.1/456] 在馆    
唐山师范学院图书馆 欢迎您!
大连网信软件有限公司© 版权所有